00902cam a22002054a 45000010009000000050017000090080041000260200022000670410008000890800024000972450153001212640054002743000029003286500041003576530103003986530029005017000052005307000050005827000064006321242701020221107163101.0990324s2000 enka b 001 0 eng  a9781857750980 X aeng a616.89-008.434 C-7300aCommunication difficulties in childhood :ba practical guide /cedited by James Law, Alison Parkinson, with Rashmin Tamhne ; foreword by David Hall. aAbingdon, Oxon :bRadcliffe Medical Press,c2000. a338 p. :bill. ;c25 cm. 0aCommunicative disorders in children. aკომუნიკაციის სირთულეები ბავშვობაში aმედიცინა1 aParkinson, Alison.eრედაქტორი1 aTamhne, Rashmin.eრედაქტორი1 aLaw, James Christopher,d1956-eრედაქტორი